LEADER 00912nas 2200337 450 001 990003506280203316 005 20110301124843.0 035 $a000350628 035 $aUSA01000350628 035 $a(ALEPH)000350628USA01 035 $a000350628 100 $a20110301a19689999km-y-itay50------ba 101 0 $afre 102 $aIT 110 $aayazz--|||| 200 1 $aEssentialia$fUnione Chimica Italo-Belga 207 $aA.1, n.1(1968)- 210 $aMilano$cUCB$d1968- 215 $av.$d28 cm 326 $aVaria 606 0 $aMedicina$xPeriodici$2BNCF 676 $a610.5 712 02$aUnione Chimica Italo-Belga 801 0$aIT$bsalbc$gISBD 912 $a990003506280203316 958 $aMED$bFDC PER 31/1968-1971$c1968-1971; 959 $aSE 979 $aCIANATIEMP$b90$c20110301$lUSA01$h1240 979 $aCIANATIEMP$b90$c20110301$lUSA01$h1248 996 $aEssentialia$91114388 997 $aUNISA LEADER 01376nam--2200409---450- 001 990001694030203316 005 20090327182449.0 010 $a88-88321-63-2 035 $a000169403 035 $aUSA01000169403 035 $a(ALEPH)000169403USA01 035 $a000169403 100 $a20040525d2003----km-y0enga50------ba 101 0 $aita 102 $aIT 105 $ay---z---001yy 200 1 $aScacco al liberalismo$ei Giacobini e lo Stato$fLucien Jaume$g[traduzione italiana a cura di Cinzia Cassani$gcon la revisione di Gianluca Fruci] 210 $aNapoli$cEditoriale Scientifica$d2003 215 $a189 p.$d21 cm 225 2 $aPensiero giuridico e politico$iSaggi$v2 410 0$12001$aPensiero giuridico e politico$iSaggi$v2 454 1 $12001$aEchec au libéralisme : les Jacobins et l'Etat$926894 606 0 $aGiacobinismo 676 $a320.510944 700 1$aJAUME,$bLucien$0250498 702 1$aCASSANI,$bCinzia 702 1$aFRUCI,$bGianluca 801 0$aIT$bsalbc$gISBD 912 $a990001694030203316 951 $a320.510 JAU 1 (ISP IV 127)$b41317 G.$cISP IV$d00138999 959 $aBK 969 $aECO 979 $aMARIA$b10$c20040525$lUSA01$h0957 979 $aANNASEN$b90$c20050309$lUSA01$h1120 979 $aRSIAV1$b90$c20090327$lUSA01$h1824 996 $aEchec au libéralisme : les Jacobins et l'Etat$926894 997 $aUNISA LEADER 02642nas 2200793-a 450 001 996203656103316 005 20230522213016.0 011 $a1651-2057 035 $a(DE-599)ZDB1492617-9 035 $a(OCoLC)39255473 035 $a(CKB)954925373802 035 $a(CONSER)--2007233233 035 $a(EXLCZ)99954925373802 100 $a19980609a19209999 s-- - 101 0 $aeng 135 $aurmnu|||||||| 181 $ctxt$2rdacontent 182 $cc$2rdamedia 183 $acr$2rdacarrier 200 10$aActa dermato-venereologica 210 $a[Stockholm] $cSociety for the Publication of Acta Dermato-Venereologica $cDistributed by Scandinavian University Press 300 $aRefereed/Peer-reviewed 300 $aPublished: Taylor & Francis, <2000>-2005. 311 $a0001-5555 517 1 $aActa DV 531 $aACTA DERMATO VENEREOL 531 $aACTA DERM VENEREOL 531 $aACT DER VEN 531 $aACTA DERM-VENEREOL 531 $aVENEREOL 531 $aACTA DERM.-VENEREOL 606 $aDermatology$vPeriodicals 606 $aSexually transmitted diseases$vPeriodicals 606 $aDermatology 606 $aSexually transmitted diseases 606 $aDermatology 606 $aSexually Transmitted Diseases 606 $aDermatologie$vPériodiques 606 $aInfections transmissibles sexuellement$vPériodiques 606 $aDermatologie 606 $aInfections transmissibles sexuellement 606 $a44.93 dermatology (medicine)$3(NL-LeOCL)077596838$2bcl 606 $a44.92 gynecology and obstetrics$3(NL-LeOCL)077596870$2bcl 606 $aDermatology$2fast$3(OCoLC)fst00891059 606 $aSexually transmitted diseases$2fast$3(OCoLC)fst01114952 606 $aDermatologie$2gtt 606 $aSeksueel overdraagbare aandoeningen$2gtt 608 $aPeriodicals.$2fast 615 0$aDermatology 615 0$aSexually transmitted diseases 615 0$aDermatology. 615 0$aSexually transmitted diseases. 615 2$aDermatology 615 2$aSexually Transmitted Diseases 615 6$aDermatologie 615 6$aInfections transmissibles sexuellement 615 6$aDermatologie. 615 6$aInfections transmissibles sexuellement. 615 7$a44.93 dermatology (medicine) 615 7$a44.92 gynecology and obstetrics. 615 7$aDermatology. 615 7$aSexually transmitted diseases. 615 17$aDermatologie. 615 17$aSeksueel overdraagbare aandoeningen. 676 $a616.5 906 $aJOURNAL 912 $a996203656103316 996 $aActa dermato-venereologica$9802226 997 $aUNISA